000 00799nam a22002297a 4500
003 URS
005 20250120180916.0
008 250120b |||||||| |||| 00| 0 eng d
020 _a978-971-538-303-5
040 _cURS
050 0 0 _aDS668
_b.R25958 2016
245 1 0 _aReexamining the history of Philippine-Spanish relations:
_bSelected paper, Philippine-Spanish friendship day conference (2013-2015)/
264 1 _aManila:
_bNational Historical Commission of the Philippines,
_c@2016
300 _avii, 316 pages
_billustrations,
_c22.6 cm
336 _2rdacontent
_atext
337 _2rdamedia
_aunmediated
338 _2rdacarrier
_avolume
504 _aIt includes notes and references
650 _2Philippines-History
650 _2Philippines - Foreign relations - Spain
942 _2lcc
_cF
999 _c81840
_d81839